Komoditné situačné a výhľadové štúdie.

V r. 1992 začali americkí odborníci zaškoľovať českých a slovenských odborníkov v poľnohospodárstve na spracovanie komoditných situačných správ a výhľadov. Cieľ a poslanie komoditných štúdií. Štruktúra týchto štúdií. Zdroje informácií. Organizácia tvorby štúdií. Uplatnenie komoditných štúdií v ČSFR.

Na minha lista:
Detalhes bibliográficos
Autor principal: Ižáková, Viera
Formato: Capítulo de Livro
Idioma:eslovaco
Assuntos:
Tags: Adicionar Tag
Sem tags, seja o primeiro a adicionar uma tag!

MARC

LEADER 00000naa a2200000 4500
001 r012012
005 20220831094537.2
041 0 |a slo 
044 |a SK 
245 1 0 |a Komoditné situačné a výhľadové štúdie.  |c Viera Ižáková 
520 |a V r. 1992 začali americkí odborníci zaškoľovať českých a slovenských odborníkov v poľnohospodárstve na spracovanie komoditných situačných správ a výhľadov. Cieľ a poslanie komoditných štúdií. Štruktúra týchto štúdií. Zdroje informácií. Organizácia tvorby štúdií. Uplatnenie komoditných štúdií v ČSFR. 
610 2 0 |a poľnohospodárstvo 
610 2 0 |a komodity 
610 2 0 |a informácie 
610 2 0 |a potravinárstvo 
610 2 0 |a ČSFR 
610 2 0 |a príprava odborná 
610 2 0 |a pracovníci odborní 
100 1 |a Ižáková, Viera